| 000 | 00648nam a2200217 a 4500 | ||
|---|---|---|---|
| 001 | 2376 | ||
| 003 | CDMR | ||
| 005 | 20151019135402.0 | ||
| 008 | 130130s1994||||||||||||||||||||||||||||d | ||
| 020 | _a842069410X | ||
| 040 |
_aCDMR _bcat _cCDMR |
||
| 100 | 1 |
_aDíaz, Lorenzo _91719 |
|
| 245 | 1 | 3 |
_aLa televisión en España _b: 1949-1995 _cLorenzo Díaz ; prólogo de Eduardo Haro Tecglen |
| 260 |
_aMadrid _c1994 _bAlianza |
||
| 300 |
_a751 p. _bil. _c28 cm |
||
| 650 | 0 | 4 |
_91780 _aTelevisió _zEspanya |
| 650 | 0 | 4 |
_91116 _aTelevisió _xHistòria |
| 610 | 2 |
_92814 _aTelevisión Española |
|
| 700 | 1 |
_93045 _aHaro Tecglen, Eduardo _epr. |
|
| 942 |
_cMON _2udc |
||
| 999 |
_c2376 _d2376 |
||